| 000 | 00447nam a2200145Ia 4500 | ||
|---|---|---|---|
| 008 | 220214s9999 xx 000 0 und d | ||
| 022 | _a0577-750X | ||
| 245 | 0 | _aPLANT PROTECTION BULLETIN: SCIENCE IN PRACTICE | |
| 260 |
_bMinistry of Food and Agriculture, Govt. of India, Delhi _aIndia |
||
| 310 | _aA | ||
| 500 | _aEnding Volume & Year: 21, 1969 | ||
| 500 | _aMissing Volume: 17(3-4) | ||
| 500 | _aStarting Volume & Year: 11, 1959 | ||
| 942 | _cBJ | ||
| 999 |
_c2438 _d2438 |
||